Tate McRae - Paroles Dear god - Statistiques

Statistiques générales
  • Ce quiz a été pris 107 fois
  • Le résultat moyen est 345 sur 422
Statistiques - réponses
Hint Réponse % Correct
uh,
100%
uh
100%
I
98%
"I
98%
(I
98%
you
98%
you"
98%
(Ah)
95%
Bridge | Outro | Refrain Dear
95%
dear
95%
God
95%
God,
95%
he
95%
my
95%
the
95%
Back
93%
back
93%
back)
93%
in
92%
to
92%
To
92%
it
90%
kiss
90%
love
90%
on
90%
say,
88%
be
86%
have
86%
Take
86%
his
85%
hope
85%
of
85%
All
83%
all,
83%
all
83%
I'm
83%
mind,
83%
out
83%
that
83%
there
83%
there"
83%
and
81%
And
81%
brain
81%
carpet
81%
'em
81%
give
81%
listenin'
81%
play
81%
still
81%
want
81%
am
80%
chest
80%
"Hey
80%
knees
80%
no
80%
(No)
80%
stop
80%
used
80%
way
80%
ever
78%
Hands
78%
hands
78%
here
78%
like,
78%
right
78%
you'll
78%
you're
78%
but,
76%
But
76%
everything
76%
good
76%
good,
76%
pain
76%
pray
76%
stay
76%
it's
75%
name,
75%
pleasure
75%
we
75%
about,
73%
about
73%
about)
73%
away
73%
Hopin'
73%
I'd
71%
might
71%
same
71%
air
69%
"amazing"
69%
erase
69%
honest
69%
memories,
69%
never
69%
this
69%
babe,
68%
baby,
68%
bein'
68%
Get
68%
person
68%
sex
68%
That's
68%
thoughts,
68%
why
68%
workin'
68%
years,
68%
2
66%
Couplet 1 Lay
66%
our
66%
breathe
64%
Haven't
64%
promise
64%
seen
64%
almost
63%
Post-refrain Facts
63%
up
63%
New
61%
Couplet 2 Hottest
59%
time
59%
With
59%
just
58%
him
54%
imprint
54%
I've
54%
bed
53%
missin'
53%
Pops
53%
Really
53%
Thing
44%
tryna
44%
Intro (Yeah)
44%
ain't
42%
touched,
42%
he'd
41%
Aucun quiz correspondant
Distribution des résultats
% des personnes avec chaque résultat
Percentile par nombre de réponses
Votre historique - résultats
Vous n’avez pas pris ce quiz